000 02364nam a2200661 i 4500
001 196228
003 ES-MaACL
005 20250826062535.0
007 ta
008 240820s1984||||fr a frb z100 m fre d
015 _aFR08514972
017 _aD.L. 84-28379
_bFR
020 _a9782862622316
020 _a2862622311
_c119 FRF
024 3 _a9782862622316
035 _a010086633
035 _a(OCoLC)461752931
035 _aocm11465918
035 _asib0292335
035 _aurouen19478
035 _asib1147222
035 _afrBN002582371
035 _aFRBNF347724210000006
_zFRBNF34772421
035 _aflora22160
035 _a000834254
040 _aABES
_bfre
_eAFNOR
_cES-MaACL
050 4 _aPQ1979
_b.I57 1984
080 _a80
_2Éd. 1967
082 0 _a400
100 _0(IdRef)026868741
_1http://www.idref.fr/026868741/id
_aFontenay, Élisabeth de,
_d1934-
_9238534
245 1 0 _aInterpréter Diderot aujourd'hui :
_b[actes de colloque de Cerisy, 11-21 juillet 1983] /
_cCentre culturel international de Cerisy-la-Salle ; sous la direction d'E. de Fontenay et J. Proust.
264 1 _aParis :
_bLe Sycomore,
_cDL 1984.
300 _a319 p. :
_bil. ;
_c21 cm.
336 _btxt
_2rdacontent
_atexto
337 _bn
_2rdamedia
_asin mediación
337 _bn
_2isbdmedia
_asin mediación
338 _bnga
_2RDAfrCarrier
_avolumen
600 0 4 _aDiderot, Denis-
_d1713-1784
_xCrítica e interpretación
_944512
655 0 _aConferencias
_9234444
700 _0(IdRef)027083810
_1http://www.idref.fr/027083810/id
_aProust, Jacques,
_d1926-2005
_9238535
710 _0(IdRef)256119600
_1http://www.idref.fr/256119600/id
_aCentre culturel international de Cerisy-la-Salle
_9238536
852 _aES-MaACL
_cDEPO1
_jA-15340
_hDonación: José Manuel Duarte Cendán
_9203977
886 2 _2unimarc
_a181
_ai#
_bxxxe##
903 _aDuarte Cendán, José Manuel
_q1
_ednr
_9238529
942 _n0
_cMONOGRAFIA
999 _c196228
_d196228
999 _b1MAGX
999 _b384212101l2
999 _b0XDM
999 _b870852107a
999 _b341722103a
999 _b861942101b
999 _b315552102a
999 _b930662101m2